[Event "Niederbayernliga 0506"]
[Site "Germany"]
[Date "2006.??.??"]
[Round "5"]
[White "Suess, Xaver"]
[Black "Schaefer, Udo"]
[Result "1/2-1/2"]
[WhiteElo "1932"]
[BlackElo "1870"]
[PlyCount "56"]
[EventDate "2005.??.??"]
[EventType "team"]
[EventRounds "9"]
[EventCountry "GER"]
[SourceTitle "EXT 2008"]
[Source "ChessBase"]
[SourceDate "2007.11.25"]
[SourceVersion "1"]
[SourceVersionDate "2007.11.25"]
[SourceQuality "1"]
[WhiteTeam "Grafenau"]
[BlackTeam "Deggendorf II"]
[WhiteTeamCountry "GER"]
[BlackTeamCountry "GER"]

1. d4 Nf6 2. c4 g6 3. Nc3 d5 4. cxd5 Nxd5 5. e4 Nxc3 6. bxc3 c5 7. Bb5+ Bd7 8. Be2 Bg7 9. Nf3 Nc6 10. Rb1 cxd4 11. cxd4 Qa5+ 12. Bd2 Qxa2 13. Rxb7 Nxd4 14. Nxd4 Bxd4 15. Rxd7 Kxd7 16. Bb5+ Ke6 17. 0-0 Kf6 18. Bh6 e5 19. Qf3+ Ke7 20. Bg7 Qe6 21. Qa3+ Qd6 22. Bf6+ Ke6 23. Bc4+ Kd7 24. Qa4+ Kc7 25. Bxh8 Rxh8 26. Bxf7 Qc5 27. Be6 Rd8 28. Bd5 Rf8 1/2-1/2

[Event "Niederbayernliga 0405"]
[Site "Germany"]
[Date "2005.??.??"]
[Round "7"]
[White "Suess, Xaver"]
[Black "Mueller, Walter"]
[Result "1/2-1/2"]
[WhiteElo "1886"]
[BlackElo "1907"]
[PlyCount "55"]
[EventDate "2004.??.??"]
[EventType "team"]
[EventRounds "9"]
[EventCountry "GER"]
[SourceTitle "EXT 2008"]
[Source "ChessBase"]
[SourceDate "2007.11.25"]
[SourceVersion "1"]
[SourceVersionDate "2007.11.25"]
[SourceQuality "1"]
[WhiteTeam "Grafenau"]
[BlackTeam "Freyung"]
[WhiteTeamCountry "GER"]
[BlackTeamCountry "GER"]

1. d4 Nf6 2. c4 e6 3. Nf3 b6 4. Nc3 Bb7 5. Bg5 d5 6. cxd5 exd5 7. g3 a6 8. Bg2 Be7 9. 0-0 0-0 10. Qc2 Nbd7 11. Rfd1 Re8 12. Rac1 Bd6 13. Ne5 Nxe5 14. dxe5 Rxe5 15. Bxf6 Qxf6 16. Bxd5 Bxd5 17. Nxd5 Qh6 18. Qc6 Rf8 19. e3 Qh3 20. Nxb6 Re6 21. Qd7 Qh5 22. Nc4 Rh6 23. Nxd6 Qxh2+ 24. Kf1 Rxd6 25. Rxd6 Qh1+ 26. Ke2 Qxc1 27. Rd2 Qc4+ 28. Kf3 1/2-1/2

[Event "Niederbayernliga 0405"]
[Site "Germany"]
[Date "2005.??.??"]
[Round "5"]
[White "Suess, Xaver"]
[Black "Schmidbauer, Franz"]
[Result "1-0"]
[WhiteElo "1886"]
[BlackElo "1906"]
[PlyCount "75"]
[EventDate "2004.??.??"]
[EventType "team"]
[EventRounds "9"]
[EventCountry "GER"]
[SourceTitle "EXT 2008"]
[Source "ChessBase"]
[SourceDate "2007.11.25"]
[SourceVersion "1"]
[SourceVersionDate "2007.11.25"]
[SourceQuality "1"]
[WhiteTeam "Grafenau"]
[BlackTeam "Deggendorf II"]
[WhiteTeamCountry "GER"]
[BlackTeamCountry "GER"]

1. d4 Nf6 2. c4 g6 3. Nc3 Bg7 4. e4 d6 5. Be2 Na6 6. Bg5 c5 7. d5 Bd7 8. Nf3 h6 9. Bf4 Qa5 10. 0-0 Nh5 11. Bd2 Rb8 12. Ne1 Nf6 13. Nd3 Qd8 14. f4 h5 15. e5 Ng4 16. h3 Nh6 17. Ne4 Qc7 18. Bc3 0-0 19. exd6 exd6 20. Nf6+ Kh8 21. Bxh5 gxh5 22. Qxh5 Bf5 23. Ng4 Bxc3 24. Qxh6+ Kg8 25. Qg5+ Bg6 26. bxc3 Qd8 27. Qxd8 Rbxd8 28. f5 Bh7 29. Nf4 Kh8 30. f6 Nc7 31. Rae1 Rde8 32. Re7 Rxe7 33. fxe7 Re8 34. Re1 Kg7 35. Nh5+ Kg6 36. Nhf6 Kg7 37. Nxh7 Kxh7 38. Nf6+ 1-0

[Event "Niederbayernliga 0405"]
[Site "Germany"]
[Date "2004.??.??"]
[Round "3"]
[White "Suess, Xaver"]
[Black "Scheipl, Ralf"]
[Result "0-1"]
[WhiteElo "1886"]
[BlackElo "2208"]
[PlyCount "80"]
[EventDate "2004.??.??"]
[EventType "team"]
[EventRounds "9"]
[EventCountry "GER"]
[SourceTitle "EXT 2008"]
[Source "ChessBase"]
[SourceDate "2007.11.25"]
[SourceVersion "1"]
[SourceVersionDate "2007.11.25"]
[SourceQuality "1"]
[WhiteTeam "Grafenau"]
[BlackTeam "Straubing"]
[WhiteTeamCountry "GER"]
[BlackTeamCountry "GER"]

1. d4 Nf6 2. c4 e6 3. Nf3 c5 4. d5 exd5 5. cxd5 d6 6. Nc3 g6 7. e4 Bg7 8. Bd3 0-0 9. h3 a6 10. a4 Nbd7 11. 0-0 b6 12. Bg5 Qc7 13. b3 Ne8 14. Qd2 f6 15. Bh6 Ne5 16. Nxe5 Bxh6 17. Qxh6 fxe5 18. f4 exf4 19. Rxf4 Rxf4 20. Qxf4 Qg7 21. Rf1 Ra7 22. Bc4 Rf7 23. Qxf7+ Qxf7 24. Rxf7 Kxf7 25. e5 dxe5 26. d6+ Kf8 27. Ne4 Bf5 28. d7 Bxd7 29. Bxa6 Bc6 30. Nd2 Nd6 31. Bd3 e4 32. Be2 Ke7 33. g4 Kf6 34. Kf2 Ke5 35. Ke3 Bd5 36. h4 h5 37. Bd1 hxg4 38. Bxg4 Nf5+ 39. Bxf5 gxf5 40. Kf2 f4 0-1